000 00691nam a2200289Ia 4500
005 20260324134427.0
008 008 260324s9999 xx 000 0 eng d
020 _a9780203164686
037 _aEBOOK
040 _aCRL
040 _beng
040 _cCRL
041 _2eng
041 _aeng
084 _qCRL
100 _aThomas Grammig
_91196775
245 0 _aTechnical Knowledge and Development
245 0 _bObserving Aid Projects and Processes
260 _bTaylor and Francis
260 _c2002
365 _a
365 _b205
856 _uhttp://www.taylorfrancis.com/books/9780203164686
942 _cEBOOK
999 _c1796867
_d1796867